000 01199nam a2200253 a 4500
001 BRCA_9000
005 20190320210504.0
008 170717s1770----mx-#######---#000-0#lat-#
041 _alat
044 _amx
084 _aLM54
_b.C66 1770
245 1 0 _aConcilium mexicanum provinciale III
_bcelebratum Mexici anno MDLXXXV
_cpraeside D. D. Petro Moya, et Contreras Archiepiscopo Ejusdem Urbis; confirmatum Romae die XXVII octobris anno MDLXXXIX; postea jssu regio editum Mexici anno MDCXXII; sumptibus D. D. Joannis Perez de la Serna Archiepiscopi; demum typis mandatum cura & expensis D. D. Francisci Antonij a Lorenzana Archipraesulis.
260 _aMexici
_bEx typographia Bac. Josephi Antonij de Hogal
_c1770
300 _a141 p.
_c17.7 x 20 cm
500 _aSuperiorum permissu
500 _aEstado físico: presenta encuadernación en pergamino con presencia del pez de plata
650 1 4 _aIglesia católica
_yObras anteriores a 1800
_zMéxico
_922335
651 4 _aMéxico
_xHistoria de la Iglesia
_922336
700 1 _aPerez de la Serna, Joannis
_922337
700 1 _aFrancisci Antonij A Lorenzana
_922338
700 1 _aMoya et Contreras, Petro
_922339
902 _aCFM
942 _2lcc
_cB
999 _c8651
_d8651